General Knowledge Quiz - Tescooo - Statistics

General Stats
  • This quiz has been taken 25 times
  • The average score is 4 of 15
Answer Stats
Question Answer % Correct
Name of the country which comes last alphabetically. Zimbabwe
89%
What is the most spoken language in South America? Spanish
79%
Capital city of Nigeria Abuja
63%
How many UK number ones did the Beatles have? 17
37%
What is Trypophobia the fear of? Holes
32%
What is the first MCU movie in timeline order? Captain America: The First Avenger
21%
Most streamed artist on spotify in 2022 Bad Bunny
16%
F1 World Champion in 1976. James Hunt
16%
Most popular mobile game in 2022 Subway Surfers
16%
Who scored the winning goal in the 2010/11 FA Cup Final? Yaya Toure
16%
Most streamed song on spotify in 2022 As It Was
11%
When was clash of clans released? (Month & Year eg November 2000) August 2012
11%
Serial Killer who disposed of victims by flushing their remains down the toilet? Joachim Kroll
5%
Super Max! is a song written by which Dutch group? Pitstop Boys
5%
What is the most common fear in the world? Social
5%
No matching quizzes found
Score Distribution
Percent of People with Each Score
Percentile by Number Answered
Your Score History
You have not taken this quiz